000 00480nam a2200169Ia 4500
003 OSt
005 20200116113249.0
008 190216s9999||||xx |||||||||||||| ||und||
020 _a8172882491
040 _coclc
082 _a658.1511
_bGUP/M
100 _aGupta, S P
_9766
245 0 _a Management Accounting /
_cS P Gupta
260 _bSahitya Bhawan Publications,
_c2003.
_aAgra:
300 _a704p
942 _cBK
_2ddc
_h658.1511
_iGUP/M
_k658.1511
_mGUP/M
999 _c4238
_d4238